Geodesy ប្រថពីវិទ្យា (Record no. 10295)

000 -LEADER
fixed length control field 00253nam a22001217a 4500
040 ## - CATALOGING SOURCE
Transcribing agency LP
082 ## - DEWEY DECIMAL CLASSIFICATION NUMBER
Classification number 526
100 ## - MAIN ENTRY--AUTHOR NAME
Personal name ឡោ
245 ## - TITLE STATEMENT
Title Geodesy ប្រថពីវិទ្យា
260 ## - PUBLICATION, DISTRIBUTION, ETC. (IMPRINT)
Place of publication RUA
Name of publisher ឡោ
Year of publication NA
300 ## - PHYSICAL DESCRIPTION
Number of Pages 78p;
942 ## - ADDED ENTRY ELEMENTS (KOHA)
Koha item type ADB
952 ## - LOCATION AND ITEM INFORMATION (KOHA)
Withdrawn status [LOCAL, KOHA] 0
952 ## - LOCATION AND ITEM INFORMATION (KOHA)
Withdrawn status [LOCAL, KOHA] 0
952 ## - LOCATION AND ITEM INFORMATION (KOHA)
Withdrawn status [LOCAL, KOHA] 0
Holdings
Permanent Location Date acquired Koha item type Lost status Shelving location Barcode Current Location Full call number
Library Block C2016-10-11សៀវភៅភាសាខ្មែរ C170RUA043410Library Block C526 ឡោ​ NA C170
Library Block C2016-10-11សៀវភៅភាសាខ្មែរ C170RUA043501Library Block C526 ឡោ​ NA C170
Library Block C2016-10-11សៀវភៅភាសាខ្មែរ C170A01611Library Block C526 ឡោ​ NA C170
មជ្ឈមណ្ឌលឯការនៃសាកលវិទ្យាល័យភូមិន្ទកសិកម្មចំការដូង

Powered by Koha